[Event "4NCL/Div1/NWE1 vs. HKF1"]
[Site "Sunningdale ENG"]
[Date "2007.09.15"]
[Round "1.3"]
[White "Morrison, Graham"]
[Black "Hanley, Craig A"]
[Result "1/2-1/2"]
[WhiteElo "2322"]
[BlackElo "2436"]
[PlyCount "67"]
[EventDate "2007.09.15"]
[EventType "team"]
[EventRounds "11"]
[EventCountry "ENG"]
[SourceDate "2007.09.15"]
[WhiteTeam "North West Eagles 1"]
[BlackTeam "Hilsmark Kingfisher 1"]

1. d4 Nf6 2. c4 e6 3. Nf3 d5 4. Nc3 Bb4 5. cxd5 exd5 6. Bg5 Nbd7 7. Qc2 c5 8.
e3 Qa5 9. Bd3 c4 10. Bf5 O-O 11. O-O g6 12. Bh3 Re8 13. Nd2 Nh5 14. a3 Bxc3 15.
Qxc3 Qxc3 16. bxc3 f6 17. Bh4 g5 18. Bg3 Nxg3 19. hxg3 Nb6 20. Bxc8 Nxc8 21. g4
Nd6 22. Rfe1 b5 23. f3 Re7 24. Kf2 Rae8 25. Re2 a5 26. Nf1 f5 27. gxf5 Nxf5 28.
Rb1 Nd6 29. g4 Rf7 30. Kg2 Ref8 31. Nh2 Re8 32. Nf1 Rfe7 33. Kf2 Rf7 34. Kg2
1/2-1/2

[Event "4NCL/Div1/NWE1 vs. HKF1"]
[Site "Sunningdale ENG"]
[Date "2007.09.15"]
[Round "1.4"]
[White "Briscoe, Christopher"]
[Black "Kennaugh, Charles W"]
[Result "0-1"]
[WhiteElo "2224"]
[BlackElo "2294"]
[PlyCount "94"]
[EventDate "2007.09.15"]
[EventType "team"]
[EventRounds "11"]
[EventCountry "ENG"]
[SourceDate "2007.09.15"]
[WhiteTeam "Hilsmark Kingfisher 1"]
[BlackTeam "North West Eagles 1"]

1. e4 e5 2. Nf3 Nc6 3. Bb5 a6 4. Ba4 Nf6 5. Qe2 b5 6. Bb3 Be7 7. c3 O-O 8. O-O
d5 9. d3 d4 10. cxd4 Nxd4 11. Nxd4 Qxd4 12. Be3 Qd6 13. f4 Bg4 14. Qd2 Rad8 15.
h3 Qxd3 16. Qxd3 Rxd3 17. Bf2 Be6 18. Bc2 Rdd8 19. f5 Bc8 20. Nc3 b4 21. Na4
Rd2 22. Rac1 Bd7 23. Nc5 Rxf2 24. Kxf2 Bxc5+ 25. Kf3 Bd4 26. Bb3 c5 27. g4 Bc6
28. Rfe1 Rc8 29. g5 Ne8 30. g6 Nd6 31. gxf7+ Kf8 32. Be6 Rc7 33. Rc2 Nxf7 34.
h4 Nd6 35. Rg2 Ne8 36. h5 Nf6 37. h6 gxh6 38. Rh2 h5 39. Ree2 Rg7 40. Rh4 Rg4
41. Rxg4 hxg4+ 42. Kg3 Bxe4 43. a3 Bf3 44. Rc2 Ne4+ 45. Kh4 Bf2+ 46. Rxf2 Nxf2
47. axb4 cxb4 0-1

[Event "4NCL/Div1/NWE1 vs. HKF1"]
[Site "Sunningdale ENG"]
[Date "2007.09.15"]
[Round "1.7"]
[White "Hulmes, David I"]
[Black "McFarland, Robert S"]
[Result "1/2-1/2"]
[WhiteElo "2225"]
[BlackElo "2232"]
[PlyCount "38"]
[EventDate "2007.09.15"]
[EventType "team"]
[EventRounds "11"]
[EventCountry "ENG"]
[SourceDate "2007.09.15"]
[WhiteTeam "North West Eagles 1"]
[BlackTeam "Hilsmark Kingfisher 1"]

1. e4 g6 2. d4 Bg7 3. Nc3 d6 4. f4 Nf6 5. Nf3 O-O 6. Bd3 Na6 7. O-O c5 8. d5
Bg4 9. h3 Bxf3 10. Rxf3 Nc7 11. a4 a6 12. Qe1 b6 13. Nd1 b5 14. c4 bxc4 15.
Bxc4 Nd7 16. Nc3 Rb8 17. Qe2 Qc8 18. Ra3 Qb7 19. Kh2 Qa7 1/2-1/2

[Event "4NCL/Div1/NWE1 vs. HKF1"]
[Site "Sunningdale ENG"]
[Date "2007.09.15"]
[Round "1.8"]
[White "Klein, Cornelia"]
[Black "Grigoryan-Lyell, Meri"]
[Result "1/2-1/2"]
[WhiteElo "1883"]
[BlackElo "2048"]
[PlyCount "51"]
[EventDate "2007.09.15"]
[EventType "team"]
[EventRounds "11"]
[EventCountry "ENG"]
[SourceDate "2007.09.15"]
[WhiteTeam "Hilsmark Kingfisher 1"]
[BlackTeam "North West Eagles 1"]

1. e4 e5 2. Bc4 Nf6 3. d3 d5 4. exd5 Nxd5 5. h3 Bc5 6. Nf3 Nc6 7. Qe2 O-O 8.
Bxd5 Qxd5 9. Nc3 Qd8 10. O-O Nd4 11. Qd1 Qf6 12. Ng5 Qg6 13. Kh1 f5 14. f4 e4
15. dxe4 fxe4 16. Ngxe4 Bb6 17. g4 Re8 18. f5 Qc6 19. Re1 Bd7 20. Bf4 Re7 21.
Qd3 Rae8 22. Kh2 Nxf5 23. Bg5 Re5 24. Bf4 R5e7 25. Bg5 Re5 26. Bf4 1/2-1/2

[Event "4NCL/Div1/CAMB1 vs. AD"]
[Site "Sunningdale ENG"]
[Date "2007.09.15"]
[Round "1.3"]
[White "Moskovic, David M"]
[Black "Cernousek, Lukas"]
[Result "0-1"]
[WhiteElo "2275"]
[BlackElo "2405"]
[PlyCount "82"]
[EventDate "2007.09.15"]
[EventType "team"]
[EventRounds "11"]
[EventCountry "ENG"]
[SourceDate "2007.09.15"]
[WhiteTeam "Cambridge Univ. 1"]
[BlackTeam "The Ads"]

1. e4 c5 2. Nf3 d6 3. g3 Nf6 4. d3 g6 5. Bg2 Bg7 6. O-O O-O 7. Nbd2 Nc6 8. a4
d5 9. c3 e5 10. Qb3 dxe4 11. dxe4 Qc7 12. Qa3 b6 13. b4 Rd8 14. b5 Na5 15. c4
Be6 16. Bb2 Ne8 17. Rfc1 a6 18. Qe3 f6 19. Bf1 Nd6 20. Rc2 Qf7 21. Rac1 Rd7 22.
Ne1 axb5 23. axb5 Rad8 24. f4 Bh6 25. Nef3 Bg4 26. Qe1 Qe6 27. fxe5 Nf7 28.
exf6 Bxf3 29. Nxf3 Bxc1 30. Rxc1 Nb3 31. Rb1 Nd4 32. Bxd4 cxd4 33. e5 d3 34.
Qc3 Qf5 35. Kg2 d2 36. Rd1 Rd3 37. Bxd3 Rxd3 38. Qxd3 Qxd3 39. Rxd2 Qxc4 40. h4
h6 41. Kh3 Qf1+ 0-1

[Event "4NCL/Div1/CAMB1 vs. AD"]
[Site "Sunningdale ENG"]
[Date "2007.09.15"]
[Round "1.4"]
[White "Jirka, Jiri"]
[Black "Conlon, Joe"]
[Result "1/2-1/2"]
[WhiteElo "2398"]
[BlackElo "2201"]
[PlyCount "194"]
[EventDate "2007.09.15"]
[EventType "team"]
[EventRounds "11"]
[EventCountry "ENG"]
[SourceDate "2007.09.15"]
[WhiteTeam "The Ads"]
[BlackTeam "Cambridge Univ. 1"]

1. d4 Nf6 2. c4 g6 3. g3 Bg7 4. Bg2 d6 5. Nc3 Nbd7 6. Nf3 O-O 7. O-O c6 8. e4
e5 9. h3 Qc7 10. Be3 h6 11. Qc2 Kh7 12. Rad1 Ng8 13. c5 dxc5 14. dxe5 b6 15.
Rfe1 Nxe5 16. Nxe5 Bxe5 17. f4 Bg7 18. e5 Bf5 19. Qa4 Ne7 20. g4 Be6 21. Ne4
Nd5 22. Bc1 Nb4 23. Nd6 Bd5 24. Bxd5 Nxd5 25. Qe4 Rfd8 26. Qg2 Bf8 27. Ne4 Be7
28. Rf1 Nb4 29. a3 Rxd1 30. Rxd1 Nd5 31. b3 Rd8 32. Re1 Qd7 33. Qf3 Nc7 34. f5
Qd4+ 35. Kh1 gxf5 36. Qxf5+ Kg7 37. Rf1 Qd5 38. Kh2 Qe6 39. Qf4 Nd5 40. Qg3 Re8
41. Bb2 Kh7 42. Rf5 Rg8 43. Qf3 Rg7 44. Bc1 Kg8 45. Kg3 Bd8 46. Kf2 Bh4+ 47.
Ke2 Be7 48. Bb2 Rg6 49. Kd1 Rg7 50. Kc2 Rg6 51. Kb1 Nc7 52. Nf6+ Kf8 53. h4 Nd5
54. h5 Rg7 55. Bc1 Bxf6 56. exf6 Rg8 57. Bxh6+ Ke8 58. Bc1 Kd7 59. Bb2 Qe1+ 60.
Ka2 Re8 61. Rxd5+ cxd5 62. Qxd5+ Kc8 63. Qxf7 Re2 64. Qg8+ Kb7 65. Qg7+ Ka6 66.
f7 c4 67. bxc4 Qc1 68. Qd4 Rxb2+ 69. Qxb2 Qxc4+ 70. Qb3 Qe2+ 71. Kb1 Qe4+ 72.
Kb2 Qe2+ 73. Qc2 Qb5+ 74. Kc1 Qf1+ 75. Qd1 Qc4+ 76. Kd2 Qd4+ 77. Kc1 Qc4+ 78.
Kb1 Qe4+ 79. Kb2 Qe5+ 80. Kb3 Qe6+ 81. Kc3 Qxf7 82. Qd3+ Kb7 83. Qe4+ Kb8 84.
Qe5+ Kb7 85. Qe4+ Kb8 86. Kd4 Qf2+ 87. Qe3 Qb2+ 88. Ke4 Qb1+ 89. Kf4 a5 90. h6
Kb7 91. g5 Qf1+ 92. Ke5 Qf7 93. Qd4 Ka6 94. a4 Ka7 95. Qd6 Qh5 96. Kf6 Kb7 97.
Kg7 Ka6 1/2-1/2

[Event "4NCL/Div1/CAMB1 vs. AD"]
[Site "Sunningdale ENG"]
[Date "2007.09.15"]
[Round "1.5"]
[White "Garner, David"]
[Black "Richardson, John R"]
[Result "0-1"]
[WhiteElo "2188"]
[BlackElo "2304"]
[PlyCount "114"]
[EventDate "2007.09.15"]
[EventType "team"]
[EventRounds "11"]
[EventCountry "ENG"]
[SourceDate "2007.09.15"]
[WhiteTeam "Cambridge Univ. 1"]
[BlackTeam "The Ads"]

1. e4 c6 2. d4 d5 3. exd5 cxd5 4. c4 Nf6 5. Nc3 e6 6. Nf3 Bb4 7. Qb3 Nc6 8. Bd3
dxc4 9. Bxc4 Bd7 10. O-O Be7 11. Bd3 Nb4 12. Bb1 Bc6 13. a3 Bxf3 14. axb4 Bd5
15. Nxd5 Qxd5 16. Qa4+ b5 17. Qa5 O-O 18. Bd3 Qxd4 19. Bxb5 Bxb4 20. Qa6 Bd6
21. Bc6 Rab8 22. Qxa7 Bxh2+ 23. Kxh2 Qd6+ 24. g3 Qxc6 25. Qa4 Qf3 26. Ra3 Qh5+
27. Kg2 Rfc8 28. Qf4 Ng4 29. Rh1 Qd5+ 30. Qf3 Qxf3+ 31. Kxf3 Ne5+ 32. Ke4 Rb5
33. Rc3 Rd8 34. Re1 Rb4+ 35. Ke3 Nc4+ 36. Kf3 Nxb2 37. Bxb2 Rxb2 38. Rd1 Rbb8
39. Ra1 Rd7 40. Ra6 g5 41. Rc5 h6 42. Rc2 Kg7 43. Re2 Rb3+ 44. Kg2 Rbd3 45. Rb6
Rd2 46. Re3 Kg6 47. Ra3 Re2 48. Rf3 Rdd2 49. Rb7 f5 50. Rb6 Kh5 51. Rb4 f4 52.
Rb1 e5 53. Rh1+ Kg4 54. gxf4 gxf4 55. Rxh6 e4 56. Rfh3 Rxf2+ 57. Kg1 e3 0-1

[Event "4NCL/Div1/CAMB1 vs. AD"]
[Site "Sunningdale ENG"]
[Date "2007.09.15"]
[Round "1.6"]
[White "Snape, Ian"]
[Black "Churm, Rohan M"]
[Result "1/2-1/2"]
[WhiteElo "2255"]
[BlackElo "2178"]
[PlyCount "91"]
[EventDate "2007.09.15"]
[EventType "team"]
[EventRounds "11"]
[EventCountry "ENG"]
[SourceDate "2007.09.15"]
[WhiteTeam "The Ads"]
[BlackTeam "Cambridge Univ. 1"]

1. c4 e5 2. Nc3 Nf6 3. Nf3 Nc6 4. g3 Bc5 5. Bg2 O-O 6. O-O Re8 7. d3 d6 8. Bg5
h6 9. Bxf6 Qxf6 10. Nd5 Qd8 11. e3 Bg4 12. h3 Bh5 13. g4 Bg6 14. d4 exd4 15.
exd4 Bb6 16. Qd2 Be4 17. Nxb6 axb6 18. d5 Qf6 19. dxc6 Bxf3 20. cxb7 Rab8 21.
Rfe1 Rxe1+ 22. Rxe1 Bxg2 23. Kxg2 Rxb7 24. Re8+ Kh7 25. Qd3+ g6 26. Qf3 Qxf3+
27. Kxf3 Kg7 28. Ra8 b5 29. cxb5 Rxb5 30. b3 h5 31. Ra4 Kf6 32. Rc4 hxg4+ 33.
hxg4 Ra5 34. a4 c5 35. Ke3 d5 36. Rc1 c4 37. bxc4 Rxa4 38. c5 Ke7 39. c6 Rc4
40. Rxc4 dxc4 41. Kd4 Kd6 42. Kxc4 Kxc6 43. g5 Kd6 44. Kd4 Ke6 45. Ke4 Kd6 46.
Kd4 1/2-1/2

[Event "4NCL/Div1/CAMB1 vs. AD"]
[Site "Sunningdale ENG"]
[Date "2007.09.15"]
[Round "1.7"]
[White "Eckersley-Waites, Adam"]
[Black "Anderton, David"]
[Result "1-0"]
[WhiteElo "2175"]
[BlackElo "2245"]
[PlyCount "121"]
[EventDate "2007.09.15"]
[EventType "team"]
[EventRounds "11"]
[EventCountry "ENG"]
[SourceDate "2007.09.15"]
[WhiteTeam "Cambridge Univ. 1"]
[BlackTeam "The Ads"]

1. e4 e6 2. d4 d5 3. Nc3 Nf6 4. Bg5 Bb4 5. e5 h6 6. Be3 Ne4 7. Nge2 c5 8. dxc5
Nc6 9. a3 Bxc3+ 10. Nxc3 Nxc3 11. bxc3 Qa5 12. Qd2 Nxe5 13. Bd4 f6 14. f4 Nc6
15. Be2 O-O 16. Bf3 Bd7 17. f5 Rac8 18. Be3 Kh7 19. fxe6 Bxe6 20. O-O Rcd8 21.
Rae1 Bf7 22. Be2 Bg6 23. Bd3 Be4 24. Rb1 Rf7 25. Rb5 Qc7 26. c4 f5 27. cxd5
Rxd5 28. Qc3 Bxd3 29. cxd3 Qd7 30. Rb3 Nd4 31. Bxd4 Rxd4 32. Rxb7 Qxb7 33. Qxd4
Rd7 34. Qc4 Qd5 35. Qxd5 Rxd5 36. Rc1 Rxd3 37. c6 Rd8 38. c7 Rc8 39. Rc6 Kg8
40. Kf2 Kf7 41. Ke3 Ke7 42. Kf4 Kd7 43. Rc3 Ke6 44. h4 g5+ 45. hxg5 hxg5+ 46.
Kxg5 Rg8+ 47. Kf4 Rc8 48. g3 a6 49. a4 a5 50. Rc2 Kd7 51. Kxf5 Rf8+ 52. Kg6 Kc8
53. g4 Rf4 54. g5 Rxa4 55. Rc5 Ra1 56. Kf6 a4 57. g6 a3 58. g7 Rf1+ 59. Rf5 Rg1
60. Rg5 Rf1+ 61. Kg6 1-0

[Event "4NCL/Div1/CAMB1 vs. AD"]
[Site "Sunningdale ENG"]
[Date "2007.09.15"]
[Round "1.8"]
[White "Bellin, Jana"]
[Black "Broomfield, Lucy"]
[Result "1-0"]
[WhiteElo "2151"]
[BlackElo "1981"]
[PlyCount "81"]
[EventDate "2007.09.15"]
[EventType "team"]
[EventRounds "11"]
[EventCountry "ENG"]
[SourceDate "2007.09.15"]
[WhiteTeam "The Ads"]
[BlackTeam "Cambridge Univ. 1"]

1. d4 d5 2. c4 e6 3. Nc3 Nf6 4. cxd5 exd5 5. Bg5 Be7 6. e3 O-O 7. Bd3 h6 8. Bh4
Be6 9. Nf3 Nbd7 10. O-O c6 11. Qc2 Rc8 12. Rab1 c5 13. dxc5 Nxc5 14. Bf5 Nfe4
15. Bxe6 fxe6 16. Bxe7 Qxe7 17. Nxe4 Nxe4 18. Qe2 Rc7 19. Rbc1 Rfc8 20. Rxc7
Rxc7 21. Nd4 Nf6 22. a3 a6 23. Rd1 Qd6 24. Qd3 Ng4 25. f4 Kf7 26. h3 Nf6 27.
Nf3 Qb6 28. Ne5+ Kg8 29. Qe2 Ne4 30. Kh2 Nf6 31. Rd4 Qb3 32. Rb4 Qa2 33. Rb6
Qb1 34. Rxe6 Rc2 35. Qf3 Qxb2 36. Rxf6 gxf6 37. Qxd5+ Kh8 38. Qd8+ Kh7 39. Qe7+
Kh8 40. Qf8+ Kh7 41. Qf7+ 1-0

[Event "4NCL/Div1/GUI2 vs. WGR"]
[Site "Sunningdale ENG"]
[Date "2007.09.15"]
[Round "1.1"]
[White "Howell, David W L"]
[Black "Turner, Matthew J"]
[Result "1/2-1/2"]
[WhiteElo "2519"]
[BlackElo "2483"]
[PlyCount "86"]
[EventDate "2007.09.15"]
[EventType "team"]
[EventRounds "11"]
[EventCountry "ENG"]
[SourceDate "2007.09.15"]
[WhiteTeam "Guildford-A&DC 2"]
[BlackTeam "Wood Green"]

1. e4 e5 2. Nf3 Nc6 3. Bb5 g6 4. c3 Bg7 5. d4 exd4 6. cxd4 Nge7 7. d5 Ne5 8.
Nxe5 Bxe5 9. Ba4 O-O 10. Nc3 f5 11. Bh6 Rf7 12. d6 cxd6 13. Bb3 Bxc3+ 14. bxc3
d5 15. e5 d6 16. exd6 Qxd6 17. O-O Be6 18. Re1 Nc6 19. c4 Na5 20. cxd5 Bd7 21.
Bc2 Rc8 22. Rc1 Rc5 23. Qd4 b6 24. Qh4 Qf6 25. Bg5 Qb2 26. Bh6 Qf6 27. Qxf6
Rxf6 28. Re7 g5 29. Rxd7 Rxh6 30. Re1 Rf6 31. Bd3 Rf7 32. Rxf7 Kxf7 33. Bxf5
Kf6 34. Bxh7 Rxd5 35. g3 Rd2 36. Bg8 Kg7 37. Be6 Nc6 38. Kg2 Nb4 39. Re4 Nd3
40. Ra4 a5 41. Ra3 Rxf2+ 42. Kg1 Rd2 43. Rb3 Nc5 1/2-1/2

[Event "4NCL/Div1/GUI2 vs. WGR"]
[Site "Sunningdale ENG"]
[Date "2007.09.15"]
[Round "1.2"]
[White "Sowray, Peter J"]
[Black "King, Daniel J"]
[Result "1/2-1/2"]
[WhiteElo "2352"]
[BlackElo "2517"]
[PlyCount "136"]
[EventDate "2007.09.15"]
[EventType "team"]
[EventRounds "11"]
[EventCountry "ENG"]
[SourceDate "2007.09.15"]
[WhiteTeam "Wood Green"]
[BlackTeam "Guildford-A&DC 2"]

1. e4 c5 2. c3 e6 3. d4 d5 4. e5 Bd7 5. Nf3 Qb6 6. a3 a5 7. b3 cxd4 8. cxd4 Bb5
9. Bxb5+ Qxb5 10. Nc3 Qa6 11. Ne2 Ne7 12. O-O Nd7 13. Nc3 Rc8 14. Bd2 Nc6 15.
a4 Be7 16. Nb5 Na7 17. Nxa7 Qxa7 18. Qe2 Nb8 19. Qb5+ Nc6 20. Rfc1 O-O 21. Qd3
h6 22. Be3 Nb4 23. Qd2 Qa6 24. Rc3 Rc6 25. Rxc6 Nxc6 26. Rc1 Bb4 27. Qd1 Rc8
28. Qf1 Qxf1+ 29. Kxf1 h5 30. Bd2 Bxd2 31. Nxd2 Ra8 32. Nf3 Ra6 33. h4 Rb6 34.
Rc3 Rb4 35. Rd3 f6 36. exf6 gxf6 37. Ke2 Kf7 38. Ke3 Ke7 39. Ne1 Rb6 40. Nc2
Nb4 41. Nxb4 axb4 42. f3 Rc6 43. g4 Rc1 44. Kf4 Rh1 45. Kg3 hxg4 46. fxg4 Re1
47. h5 Kf7 48. Kf4 Re4+ 49. Kf3 Re1 50. Rd2 Rf1+ 51. Kg3 Rb1 52. Rd3 Rc1 53.
Kf4 Rf1+ 54. Kg3 Re1 55. Kf3 b6 56. Rd2 Re4 57. Rd3 f5 58. gxf5 exf5 59. Rd1
Kg7 60. Rc1 Rxd4 61. Rc6 Rd3+ 62. Kf4 Rxb3 63. h6+ Kh7 64. Rxb6 Rb1 65. a5 b3
66. a6 b2 67. a7 Ra1 68. Rxb2 Rxa7 1/2-1/2

[Event "4NCL/Div1/GUI2 vs. WGR"]
[Site "Sunningdale ENG"]
[Date "2007.09.15"]
[Round "1.4"]
[White "Pein, Malcolm"]
[Black "Thompson, Ian D"]
[Result "1/2-1/2"]
[WhiteElo "2395"]
[BlackElo "2322"]
[PlyCount "94"]
[EventDate "2007.09.15"]
[EventType "team"]
[EventRounds "11"]
[EventCountry "ENG"]
[SourceDate "2007.09.15"]
[WhiteTeam "Wood Green"]
[BlackTeam "Guildford-A&DC 2"]

1. d4 d5 2. Nf3 Nf6 3. c4 e6 4. Nc3 c6 5. Bg5 h6 6. Bxf6 Qxf6 7. e3 Nd7 8. Bd3
dxc4 9. Bxc4 g6 10. h4 Bg7 11. Qe2 b5 12. Bd3 a6 13. h5 g5 14. O-O Qe7 15. Rac1
c5 16. Be4 Rb8 17. dxc5 Nxc5 18. Bc6+ Bd7 19. Nd4 Bxd4 20. Bxd7+ Nxd7 21. exd4
O-O 22. d5 Rfe8 23. Rfd1 Rb6 24. Qf3 Ne5 25. Qe2 Nd7 26. Qf3 Ne5 27. Qe2 Nd7
28. Qe3 Rd6 29. dxe6 Rxe6 30. Qd4 Nf6 31. Nd5 Nxd5 32. Qxd5 Re2 33. Rd2 Qf6 34.
Rf1 Kg7 35. b3 Rxd2 36. Qxd2 Rd8 37. Qe2 Qc3 38. Rd1 Rxd1+ 39. Qxd1 b4 40. Qe2
a5 41. g3 Qd4 42. Kg2 Qd5+ 43. Qf3 Qd2 44. Qf5 Qxa2 45. Qe5+ Kh7 46. Qe4+ Kg7
47. Qe5+ Kh7 1/2-1/2

[Event "4NCL/Div1/GUI2 vs. WGR"]
[Site "Sunningdale ENG"]
[Date "2007.09.15"]
[Round "1.5"]
[White "Cooksey, Paul S"]
[Black "Law, Andrew P"]
[Result "1/2-1/2"]
[WhiteElo "2245"]
[BlackElo "2308"]
[PlyCount "36"]
[EventDate "2007.09.15"]
[EventType "team"]
[EventRounds "11"]
[EventCountry "ENG"]
[SourceDate "2007.09.15"]
[WhiteTeam "Guildford-A&DC 2"]
[BlackTeam "Wood Green"]

1. Nf3 d5 2. c4 d4 3. g3 c5 4. Bg2 Nc6 5. O-O e5 6. d3 Bd6 7. e3 Nge7 8. exd4
cxd4 9. a3 a5 10. Nbd2 O-O 11. Rb1 a4 12. Ne4 Bb8 13. Bd2 b6 14. b4 axb3 15.
Qxb3 Ra6 16. Rfe1 h6 17. c5 Bc7 18. h3 Kh8 1/2-1/2

[Event "4NCL/Div1/GUI2 vs. WGR"]
[Site "Sunningdale ENG"]
[Date "2007.09.15"]
[Round "1.6"]
[White "Lee, Graham D"]
[Black "Sharpe, Ian"]
[Result "0-1"]
[WhiteElo "2276"]
[BlackElo "2290"]
[PlyCount "102"]
[EventDate "2007.09.15"]
[EventType "team"]
[EventRounds "11"]
[EventCountry "ENG"]
[SourceDate "2007.09.15"]
[WhiteTeam "Wood Green"]
[BlackTeam "Guildford-A&DC 2"]

1. e4 e6 2. d4 d5 3. e5 c5 4. c3 Nc6 5. Nf3 Bd7 6. a3 c4 7. Bf4 Na5 8. Nbd2 Bc6
9. Be2 Qd7 10. a4 Ne7 11. O-O Nc8 12. Qc2 Nb6 13. Bd1 Be7 14. Re1 Qd8 15. b4
cxb3 16. Nxb3 Nxb3 17. Qxb3 Nc4 18. Nd2 Na5 19. Qa2 Rc8 20. Re3 g5 21. Bg3 h5
22. h3 Kd7 23. Be2 Kc7 24. f4 Kb8 25. Rf3 g4 26. hxg4 hxg4 27. Re3 Qg8 28. Qb1
Qg7 29. Qf1 Rh5 30. c4 dxc4 31. Nxc4 Nxc4 32. Bxc4 Qh7 33. Kf2 Qc2+ 34. Qe2
Bxa4 35. Bd3 Qxe2+ 36. Bxe2 Bc6 37. Bxg4 Rhh8 38. f5 Bd5 39. Bf3 Rhd8 40. f6
Bb4 41. Bh5 Rd7 42. Rd1 a5 43. Bf4 a4 44. Re2 Bb3 45. Rd3 Bc4 46. Rb2 Bxd3 47.
Rxb4 Rc4 48. Bd2 a3 49. Rxc4 Bxc4 50. Bc3 Rc7 51. Ke3 Bd5 0-1

[Event "4NCL/Div1/GUI2 vs. WGR"]
[Site "Sunningdale ENG"]
[Date "2007.09.15"]
[Round "1.7"]
[White "Richardson, Keith B"]
[Black "Hegarty, Sarah"]
[Result "1/2-1/2"]
[WhiteElo "2239"]
[BlackElo "1967"]
[PlyCount "111"]
[EventDate "2007.09.15"]
[EventType "team"]
[EventRounds "11"]
[EventCountry "ENG"]
[SourceDate "2007.09.15"]
[WhiteTeam "Guildford-A&DC 2"]
[BlackTeam "Wood Green"]

1. c4 Nf6 2. Nc3 d5 3. cxd5 Nxd5 4. d4 Nxc3 5. bxc3 g6 6. Nf3 Bg7 7. e3 c5 8.
Bd3 O-O 9. O-O Nc6 10. Bb2 b6 11. Qe2 Bb7 12. Rfd1 cxd4 13. cxd4 Nb4 14. Bc4
Rc8 15. Rac1 Bd5 16. e4 Bxc4 17. Rxc4 Nc6 18. Rdc1 Qd7 19. Qc2 Nb4 20. Qb3 Na6
21. a4 e6 22. h3 Rfd8 23. Ba3 Qb7 24. Qb5 Rc7 25. Rxc7 Nxc7 26. Qc6 Qxc6 27.
Rxc6 Ne8 28. e5 Bf8 29. Bc1 Rd7 30. Kf1 Rc7 31. Rxc7 Nxc7 32. Ke2 Nd5 33. Kd3
Bb4 34. Bh6 Bf8 35. Bd2 a6 36. Kc4 Be7 37. Ne1 Kf8 38. Nc2 Ke8 39. Ne3 Nf4 40.
d5 exd5+ 41. Nxd5 Nxd5 42. Kxd5 Kd7 43. f4 h5 44. g4 hxg4 45. hxg4 b5 46. axb5
axb5 47. f5 gxf5 48. gxf5 Ba3 49. Be3 Be7 50. Bc5 Bg5 51. Bb4 Be3 52. Ke4 Bg5
53. Kd5 Be3 54. Bc3 Bb6 55. Bb4 Be3 56. e6+ 1/2-1/2

[Event "4NCL/Div1/GUI2 vs. WGR"]
[Site "Sunningdale ENG"]
[Date "2007.09.15"]
[Round "1.8"]
[White "Cumming, Rhys"]
[Black "Samul, Mariana"]
[Result "1/2-1/2"]
[WhiteElo "1818"]
[BlackElo "1900"]
[PlyCount "64"]
[EventDate "2007.09.15"]
[EventType "team"]
[EventRounds "11"]
[EventCountry "ENG"]
[SourceDate "2007.09.15"]
[WhiteTeam "Wood Green"]
[BlackTeam "Guildford-A&DC 2"]

1. e4 e5 2. Bc4 Nf6 3. d3 h6 4. Nc3 Bc5 5. Nge2 Nc6 6. Be3 Bxe3 7. fxe3 Na5 8.
Bb3 Nxb3 9. axb3 d6 10. O-O O-O 11. Ng3 Ng4 12. Qf3 Qg5 13. Rae1 Be6 14. Nf5
Bxf5 15. exf5 c6 16. Ne4 Qh4 17. h3 Nf6 18. g3 Qxh3 19. Nxf6+ gxf6 20. Rf2 h5
21. Rh2 Qg4 22. Qxg4+ hxg4 23. Rh4 Rfd8 24. Rxg4+ Kf8 25. Kf2 Ke7 26. Rh1 Rg8
27. Rxg8 Rxg8 28. Kf3 d5 29. c3 Kd6 30. Rh6 Ke7 31. Rh3 b6 32. b4 Ra8 1/2-1/2